000
00316nam a2200133Ia 4500
008
100328s9999 xx 000 0 und d
082
_b
939
100
_a
Galsworthy John
245
_a
The White Monkey
260
_b
William Heinemann
630
_a
The White Monkey
730
_a
The White Monkey
942
_c
BOOK
999
_c
497238
_d
497235